000 00799nam a22001937a 4500
999 _c371827
_d371827
008 201127b ||||| |||| 00| 0 eng d
040 _aDE-2950
_bger
_cDE-2950
_erda
041 _ager
245 _aZauberer, Muggel, Darth Vader beim Finale der Sommerklänge.
_bKonzertreihe. Die zweiten "Sommerklänge - Klassik im Park" sind knapp vor dem großen Regen zu Ende gegangen. Die rund 4000 Zuschauer waren begeistert/
_cLisa Mahlke
264 _c2022
653 _aFrankfurt (Oder)
653 _aKonzertereihe
653 _a"Sommerklänge"
773 _dFrankfurt (Oder) Märkisches Verlags- und Druckhaus GmbH & Co KG
_tMärkische Oderzeitung
_g33. Jahrgang (2022) Nr. 201 vom 29.08.2022, S. 11, mit Bild
942 _cA